Fundamentos de acuicultura continental (Registro nro. 25334)
[ vista simple ]
| 000 -CABECERA | |
|---|---|
| Longitud fija campo de control | 01552nam a2200229 a 4500 |
| 003 - • IDENTIFICADOR DELl NÚMERO DE CONTROL | |
| Identificador del número de control | CO-ViMGA |
| 008 - • CÓDIGOS DE INFORMACIÓN DE LONGITUD FIJA | |
| Códigos de información de longitud fija | 141112s2004 ck r 000 u spa d |
| 020 ## - • NÚMERO INTERNACIONAL NORMALIZADO PARA LIBROS | |
| Número Internacional Normalizado para Libros (ISBN) | 9589356060 |
| 040 ## - FUENTE DE LA CATALOGACIÓN | |
| Centro catalogador de origen | CO-ViMGA |
| Lengua de catalogación | spa |
| Centro transcriptor | CO-ViMGA |
| 082 04 - • NÚMERO DE LA CLASIFICACIÓN DECIMAL DEWEY | |
| Número de clasificación (R) | 639.3 I577f |
| 100 1# - • PUNTO DE ACCESO PRINCIPAL-NOMBRE DE PERSONA | |
| Nombre de persona | Instituto nacional de pesca y acuicultura.INPA, |
| 245 10 - • TITULO PROPIAMENTE DICHO | |
| Título | Fundamentos de acuicultura continental |
| 250 ## - • MENCIÓN DE EDICIÓN | |
| Mención de edición | 2 |
| 300 ## - • DESCRIPCIÓN FÍSICA | |
| Extensión | 423.p.il. |
| 505 ## - • NOTA DE CONTENIDO CON FORMATO | |
| Nota de contenido con formato | Introducción, historia. Proyectos en acuicultura La calidad del agua y la productividad de un estanque en acuicultura Construcción de estanques Nutrición y alimentación de peces Enfermedades de los peces en cultivos Bases fisiológicas de la reproducción de peces tropicales Citogenética aplicada a peces Manipulación cromosómica aplicada a la piscicultura Mejoramiento genetico en acuicultura Criopreservación de esperma de peces Cultivo de camarón de agua dulce (Macrobrachium rosembergii)Cultivo de las Tilapias rojas (Oreochromis spp)y Plateada (Oreochromis niloticus)Cultivo de la trucha arcoiris El cultivo de la cachama Cultivo de peces ornamentales Cultivos de peces en jaulas Policultivos y cultivos de peces en corrales Piscicultura integrada a otras actividades agropecuarias Parámetros tecnicos y economicos para un proyecto piscicola rentable, (trucha, tilapia roja y cachama) |
| 590 ## - NOTAS LOCALES | |
| Nota local | Forma de adquisición : Donación Biblioteca Nacional - - Precio : |
| -- | 0.000 |
| 650 14 - • PUNTO DE ACCESO ADICIONAL DE MATERIA - TÉRMINO DE MATERIA | |
| Término de materia o nombre geográfico como elemento inicial | ACUICULTURA |
| 650 14 - • PUNTO DE ACCESO ADICIONAL DE MATERIA - TÉRMINO DE MATERIA | |
| Término de materia o nombre geográfico como elemento inicial | PISCICULTURA |
| 942 ## - ENTRADA DE ELEMENTOS AGREGADOS (KOHA) | |
| Fuente de clasificaión o esquema | Dewey Decimal Classification |
| Koha [por defecto] tipo de item | LIbro |
| Perdido | Fuente de clasificación o esquema | Estado Físico | No para préstamo | Forma de adquisición | Localización permanente | Localización actual | Fecha adquisición | Serie de enumeración / cronolog&íacute;a | Préstamos totales | Signatura completa | Código de barras | Fecha última consulta | Número de copia | Fecha del precio de reemplazo | Tipo de item de Koha |
|---|---|---|---|---|---|---|---|---|---|---|---|---|---|---|---|
| Dewey Decimal Classification | Sala General Segundo Piso | Biblioteca Pública Germán Arciniegas - Villavicencio | Biblioteca Pública Germán Arciniegas - Villavicencio | 12/04/2015 | Volumen. 1 | 11/jun/2009 | 639.3 I577f | 14850 | 12/04/2015 | Ej. 1 | 12/04/2015 | LIbro |